000 00285nam a22001337a 4500
008 170301b xxu||||| |||| 00| 0 eng d
020 _a0721666566
041 _aeng
080 _22ND
_a616.8-006
100 _a6
101 _aSHM
245 _aTHE BREAST
_cBLAND, K.I
942 _2udc
_cBK
999 _c6470
_d6470